000 00334nam a2200145Ia 4500
008 150201s2014 xx 000 0 und d
082 _a610.7367
_bM14P
100 _aPANWAR, P.K.
245 _aMEDICAL SURGICAL NURSING
250 _a3RD
260 _bAITBS
_aINDIA
_c2014
300 _a396
650 _aSURGERY
942 _2ddc
_cBK
_035
999 _c2337
_d2337